00580nam a2200169 i 4500001000700000003000900007005001700016007000300033008004100036100002900077245006500106260004300171300002200214852003300236999001900269952012200288134635ES-MaACL20230906194720.0t|070912s1933 gw ||||1| ger d1 aWiechert, Ernst.911675414aDie magd des Jürgen Doskocil b: roman / cErnst Wiechert. aMünchen : bLangen/Müller, c1933. a221 p. ; c19 cm. aES-MaACLjL-12524 bR.114808 c134635d134635 00104070aATENEOMbATENEOMcDEPO2d2008-01-17eSCl0oL-12524p1140138r2023-02-23 00:00:00w2023-02-23yMONOGRAFIA